Consultoría de procesos : (Registro nro. 6181)

Detalles MARC
000 -LEADER
fixed length control field 01681nam a2200313Ia 4500
003 - CONTROL NUMBER IDENTIFIER
control field OSt
005 - DATE AND TIME OF LATEST TRANSACTION
control field 20201029130958.0
008 - FIXED-LENGTH DATA ELEMENTS--GENERAL INFORMATION
fixed length control field 191128t1973 mx gr 000 0 spa d
040 ## - CATALOGING SOURCE
Original cataloging agency CO-JMCR
Transcribing agency CO-JMCR
041 1# - LANGUAGE CODE
Language code of text/sound track or separate title spa
Language code of original eng
082 04 - DEWEY DECIMAL CLASSIFICATION NUMBER
Classification number 658.46 /
Item number S314c
Edition number 23
100 1# - MAIN ENTRY--PERSONAL NAME
Personal name Schein, Edgar H.,
Relator term autor
9 (RLIN) 12201
245 10 - TITLE STATEMENT
Title Consultoría de procesos :
Remainder of title su papel en el desarrollo organizacional /
Statement of responsibility, etc. Edgar H. Schein; versión en español de Angel Gaos
260 ## - PUBLICATION, DISTRIBUTION, ETC.
Place of publication, distribution, etc. México :
Name of publisher, distributor, etc. Centro Regional de Ayuda Técnica,
Date of publication, distribution, etc. ©1973
300 ## - PHYSICAL DESCRIPTION
Extent xi, 163 páginas ;
Dimensions 20 cm.
490 0# - SERIES STATEMENT
Series statement Desarrollo organizacional ;
Volume/sequential designation 6
500 ## - GENERAL NOTE
General note "Estrategias de interrelación humana para el desarrollo de organizaciones"--Tapa<br/>Incluye glosario.
504 ## - BIBLIOGRAPHY, ETC. NOTE
Bibliography, etc. note Bibliografía: páginas 149-150
505 0# - FORMATTED CONTENTS NOTE
Formatted contents note Diagnóstico -- Procesos en organizaciones: visión panorámica -- Procesos de comunicación -- Actuaciones funcionales de los miembros de grupos -- Solución de problemas y toma de decisiones por el grupo -- Normas de grupo y desarrollo de grupo
520 3# - SUMMARY, ETC.
Summary, etc. En los últimos años, al confrontar el problema de la interrelación humana como factor decisivo en el desarrollo, los expertos en consultoria han puesto las bases de las nuevas técnicas que constituyen el desarrollo organizacional.
534 ## - ORIGINAL VERSION NOTE
Introductory phrase Process consultation: Its role in organization development
546 ## - LANGUAGE NOTE
Language note Traducido del inglés
650 14 - SUBJECT ADDED ENTRY--TOPICAL TERM
Topical term or geographic name entry element Consultores
General subdivision trabajo en grupos (Educación)
9 (RLIN) 12202
650 14 - SUBJECT ADDED ENTRY--TOPICAL TERM
Topical term or geographic name entry element Organización de la empresa
9 (RLIN) 11831
650 14 - SUBJECT ADDED ENTRY--TOPICAL TERM
Topical term or geographic name entry element Procesos administrativos
9 (RLIN) 12203
650 14 - SUBJECT ADDED ENTRY--TOPICAL TERM
Topical term or geographic name entry element Administración de empresas
9 (RLIN) 12204
700 1# - ADDED ENTRY--PERSONAL NAME
Personal name Gaos, Angel,
Relator term traductor
9 (RLIN) 12205
942 ## - ADDED ENTRY ELEMENTS (KOHA)
Source of classification or shelving scheme Dewey Decimal Classification
Koha item type Books
Existencias
Withdrawn status Lost status Source of classification or shelving scheme Damaged status Not for loan Collection code Home library Current library Date acquired Source of acquisition Full call number Barcode Date last seen Copy number Koha item type
    Dewey Decimal Classification     Non-fiction Biblioteca Pública José María del Castillo y Rada Biblioteca Pública José María del Castillo y Rada 04/15/2018 Donación 658.46 / S314c 430012130 05/16/2024 Ej.1 Books